000 00623nam a2200241Ia 4500
003 OSt
005 20220924121855.0
006 a|||||r|||| 00| 0
007 ta
008 220923b |||||||| |||| 00| 0 ben d
024 _a292494
037 _cTextual
040 _aARTS
_cARTS
_bben
041 _2ben
_aben
082 _aO157,1098w, M2
100 _aChattopadhyay Aloka
_9187578
245 0 _aAtisa Dipankar srijnan
260 _aKolkata
_c1982
300 _a139p
_ccm.
650 _aBENGALI LITERATURE
942 _hO157,1098w, M2
_cTEXL
_2CC
999 _c409379
_d409379